000 01107cad a22002295a 4500
001 E143894
008 080605s2005 stk f a000 0 eng u
020 _a0755925270
022 1 _a1741-1203
035 _a(Sirsi) u143894
041 0 _aeng
050 0 4 _a711.1 $2 18
110 1 _aScotland
_bScottish Executive
_bDevelopment Department
245 0 0 _aPlanning for rural development
_bScottish planning policy SPP 15
_h[electronic resource]
260 _aEdinburgh
_bScottish Executive
_c2005
490 0 _aScottish Planning Policies
_vSPP 15
520 _aReplaces NPPG 15 "Rural development ". Outlines the aims and approach that planning policies and decisions relating to rural areas should display. Also examines the links between community planning and development planning, which it describes as of increasing importance.
651 4 _aScotland
_y1999-
690 _aENVIRONMENTAL AND LAND CONSULTANCY-PLANNING AND DEVELOPMENT-PLANNING GUIDANCE
856 4 1 _uhttps://www.scotland.gov.uk/Publications/2005/02/20624/51511
_zView the guidance free of charge at www.scotland.gov.uk...
942 _n0
999 _c108308
_d108308